Меланхолія опору (Запис № 580146)
[ простий вигляд ]
| 000 -Лідер | |
|---|---|
| fixed length control field | 02453 a2200217 4500 |
| 003 - Ідентифікатор контрольного номера | |
| control field | UA-OsUOA |
| 005 - Дата та час останнього входження (трансакції) | |
| control field | 20260320161030.0 |
| 008 - Елементи даних фіксованої довжини – загальна інформація | |
| fixed length control field | 260320b un ||||| |||| 00| 0 ukr d |
| 020 ## - Міжнародний стандартний книжковий номер (ISBN) | |
| Міжнародний стандартний книжковий номер (ISBN) (НП) | 9631424758 |
| 040 ## - Джерело каталогізації | |
| Мова каталогізації | ukr |
| Агенція, яка здійснювала перезапис | UA-OsUOA |
| 080 ## - Індекс Універсальної десяткової класифікації | |
| Індекс Універсальної десяткової класифікації (УДК) (НП) | 821.161.2-31(439) |
| 090 ## - Локальний шифр розміщення | |
| Класифікаційний індекс УДК | 821.161.2-314(439) |
| Авторський знак (НП) | К80 |
| 100 ## - Основне введення – ім’я особи | |
| Ім’я особи (НП) | Краснагоркаї Л. |
| 9 (RLIN) | 24567 |
| 245 ## - Відомості про назву | |
| Назва (НП) | Меланхолія опору |
| Решта назви (НП) | роман |
| Дані про відповідальність (НП) | Ласло Красногоркаї ; пер. з угор. Олександра Вешелені |
| 300 ## - Фізичний опис | |
| Обсяг | 416 с. |
| 520 ## - Резюме і т.п. | |
| Резюме, реферат, анотація, тощо (НП) | Лауреат Нобелівської премії з літератури 2025<br/><br/>У розпал зими в провінційному угорському містечку химерний цирк розставляє намети й розвішує нічними вулицями афіші — обіцяє показати опудало найбільшого у світі кита і загадкового карлика на ймення Князь. Разом з новинами про дивовижу починають ширитися тривожні чутки, мовляв, циркові працівники прибули з лихими намірами. І коли одні мешканці чіпляються за безпечний затишок дому та звичні ритуали, інші піддаються нестримній жазі до влади… <br/><br/>Твори угорського письменника Ласло Краснагоркаї, лауреата Нобелівської премії 2025 та Букерівської премії 2015 року, вже набули статусу класики світової літератури. Їх перекладено на понад 25 мов, серед яких відтепер і українська. «Меланхолія опору» (1989) — це грандіозний роман з суцільним плином тексту без берегів, що одночасно є темним океаном, музикою нескінченності й Космосом.<br/><br/><br/> |
| 650 ## - Додаткове предметне введення – тематичний термін | |
| Тематичний термін чи географічна назва, як елемент введення (НП) | 821 Художня література окремими мовами і мовними сім'ями |
| 9 (RLIN) | 17 |
| 942 ## - Додаткові елементи входу (Коха) | |
| Тип елемента Koha | Книги |
| Source of classification or shelving scheme | Universal Decimal Classification |
| 955 ## - Код типу видання за змістом | |
| Код типу видання за змістом (НП) | Літературно-художні видання |
| Стан вилучень | Стан втрат | Джерело класифікації або схеми стелажів | Стан уражень | Не для кредиту | Постійне місце розташування | Поточне розміщення | Дата придбання | Джерело придбання | Вартість, звичайна ціна покупки | Усього замовленно | Повний номер виклику | Штрих-код | Дата останнього перегляду | Вартість, ціна заміни | Ціна ефективна від | Тип елемента Koha |
|---|---|---|---|---|---|---|---|---|---|---|---|---|---|---|---|---|
| Universal Decimal Classification | АБ - Абонемент НБ | АБ - Абонемент НБ | 20/03/2026 | №13/18.03.2026 | 640.00 | 821.161.2-314(439) К80 | 169608 | 20/03/2026 | 640.00 | 20/03/2026 | Книги |